[Event "CYCC U12"]
[Site "Hamilton CAN"]
[Date "2022.07.10"]
[Round "5.19"]
[White "Elizarov, Gabriel"]
[Black "Dunikov, Glib"]
[Result "0-1"]
[WhiteElo "240"]
[BlackElo "1561"]
[PlyCount "92"]
[EventDate "2022.07.08"]
[EventType "swiss"]
[EventRounds "7"]
[EventCountry "CAN"]

1. d4 f5 2. c4 Nf6 3. Nc3 g6 4. Bg5 Bg7 5. e3 O-O 6. Be2 d6 7. h4 h6 8. Bf4 c6
9. f3 Qe8 10. d5 cxd5 11. cxd5 a6 12. Nh3 Nh5 13. Bh2 Bf6 14. g3 Nd7 15. f4 Ng7
16. Bf3 Nb6 17. Qb3 Nd7 18. Qc2 b5 19. O-O-O Nb6 20. a3 Bd7 21. Kb1 Rc8 22. Rd3
b4 23. axb4 Bb5 24. e4 Bxd3 25. Qxd3 Nc4 26. Rc1 Qd7 27. Nd1 Nb6 28. Qxa6 Rxc1+
29. Kxc1 Rc8+ 30. Kb1 fxe4 31. Nhf2 exf3 32. Qxb6 Qf5+ 33. Ka2 Ra8+ 34. Kb3
Qxd5+ 35. Kc2 Rc8+ 36. Kb1 Qb3 37. Qa6 Qc2+ 38. Ka1 Nf5 39. Qb7 Ne3 40. Qxf3
Nxd1 41. Nxd1 Qxh2 42. Qg4 Qc2 43. Qf3 Rc7 44. Qd5+ Kg7 45. Nc3 Bxc3 46. bxc3
Ra7+ 0-1

[Event "CYCC U12"]
[Site "Hamilton CAN"]
[Date "2022.07.10"]
[Round "5.20"]
[White "Velasquez, Noah"]
[Black "Chen, Michael"]
[Result "1-0"]
[WhiteElo "1422"]
[BlackElo "1152"]
[PlyCount "73"]
[EventDate "2022.07.08"]
[EventType "swiss"]
[EventRounds "7"]
[EventCountry "CAN"]

1. e4 e6 2. d4 d5 3. exd5 exd5 4. Nf3 Nf6 5. c4 dxc4 6. Bxc4 c5 7. O-O Be7 8.
Be3 cxd4 9. Nxd4 O-O 10. Nc3 Bg4 11. Qb3 Nbd7 12. Ndb5 a6 13. Nd4 b5 14. Be2
Nc5 15. Qc2 Bxe2 16. Qxe2 Qc8 17. Rac1 Ne6 18. Nd5 Qb7 19. Nxe6 fxe6 20. Nxe7+
Qxe7 21. Bc5 Qf7 22. Bxf8 Rxf8 23. Rfe1 e5 24. Qxe5 Re8 25. Qc3 Rf8 26. Qb3 Nd5
27. Rf1 Qb7 28. Rfd1 Rd8 29. Rxd5 Qxd5 30. Rd1 Re8 31. Qxd5+ Kh8 32. Qd8 h6 33.
Qxe8+ Kh7 34. Qe4+ Kg8 35. Qg6 Kf8 36. Re1 h5 37. Re8# 1-0

[Event "CYCC U12"]
[Site "Hamilton CAN"]
[Date "2022.07.10"]
[Round "5.22"]
[White "Gummadi, Bhargav Ram"]
[Black "Chen (172271), Chen"]
[Result "1/2-1/2"]
[WhiteElo "1168"]
[BlackElo "824"]
[PlyCount "119"]
[EventDate "2022.07.08"]
[EventType "swiss"]
[EventRounds "7"]
[EventCountry "CAN"]

1. e4 e5 2. Nf3 Nc6 3. d4 exd4 4. Nxd4 Nf6 5. Nxc6 dxc6 6. Qxd8+ Kxd8 7. Nc3
Bb4 8. Bd3 Re8 9. f3 Bf5 10. O-O Bg6 11. a3 Bc5+ 12. Kh1 Kd7 13. Re1 Nh5 14.
Be3 Bxe3 15. Rxe3 Rad8 16. b4 Kc8 17. h3 Nf4 18. Rd1 Nxd3 19. Rdxd3 Rxd3 20.
cxd3 f5 21. Re2 fxe4 22. dxe4 Kd7 23. Kh2 Kd6 24. Kg3 Ke5 25. Rd2 Re7 26. Ne2
Kf6 27. Kf4 Bf7 28. Rd8 g5+ 29. Ke3 Re8 30. Rxe8 Bxe8 31. f4 gxf4+ 32. Kxf4 b6
33. g4 h6 34. h4 c5 35. bxc5 bxc5 36. Nc3 h5 37. gxh5 Bxh5 38. Nd5+ Kf7 39.
Nxc7 c4 40. Nb5 a6 41. Nd6+ Ke7 42. Nxc4 Bf7 43. Ne5 Be6 44. Kg5 Kd6 45. Kf6
Bg8 46. h5 Bh7 47. Ng6 a5 48. e5+ Kd7 49. Nf8+ Ke8 50. Nxh7 a4 51. e6 Kd8 52.
Kf7 Kc7 53. e7 Kd6 54. e8=Q Kd5 55. Nf6+ Kd4 56. Qe4+ Kc3 57. Nd5+ Kb3 58. Qd3+
Ka2 59. Qb5 Kxa3 60. Nc3 1/2-1/2

[Event "CYCC U12"]
[Site "Hamilton CAN"]
[Date "2022.07.10"]
[Round "5.23"]
[White "Wang, Dennis"]
[Black "Zhang, Felix"]
[Result "1-0"]
[WhiteElo "1100"]
[BlackElo "1068"]
[PlyCount "41"]
[EventDate "2022.07.08"]
[EventType "swiss"]
[EventRounds "7"]
[EventCountry "CAN"]

1. e4 e6 2. d4 d5 3. exd5 exd5 4. Bd3 Nf6 5. Nf3 Bg4 6. c3 Bd6 7. h3 Bh5 8. O-O
O-O 9. Bg5 c6 10. Nbd2 Nbd7 11. Qc2 Bg6 12. Rfe1 Qc7 13. Re2 Rfe8 14. Rae1 Rxe2
15. Rxe2 Ne4 16. Nxe4 dxe4 17. Bxe4 Bxe4 18. Qxe4 Qa5 19. a3 Nb6 20. Bf4 Bxf4
21. Qe8+ 1-0

[Event "CYCC U12"]
[Site "Hamilton CAN"]
[Date "2022.07.10"]
[Round "5.27"]
[White "Davydov, Daniel"]
[Black "Nguyen, Aiden"]
[Result "0-1"]
[WhiteElo "701"]
[BlackElo "540"]
[PlyCount "60"]
[EventDate "2022.07.08"]
[EventType "swiss"]
[EventRounds "7"]
[EventCountry "CAN"]

1. e4 e5 2. Nf3 Nc6 3. Nc3 Bc5 4. Bb5 a6 5. Bxc6 dxc6 6. O-O Bg4 7. h3 Bh5 8.
a3 Nf6 9. b4 Bd4 10. Rb1 O-O 11. Qe2 Bxc3 12. dxc3 h6 13. Qe3 Bg6 14. Rb2 Nxe4
15. Nxe5 Qf6 16. Nd7 Qd6 17. Nxf8 Rxf8 18. Qd4 Qe6 19. Re1 Re8 20. f3 Kh7 21.
fxe4 Bxe4 22. Qa7 Qc4 23. Qxb7 Qxc3 24. Rf1 Qd4+ 25. Rf2 Qd1+ 26. Rf1 Qd4+ 27.
Kh1 Bxg2+ 28. Kxg2 Re2+ 29. Kh1 Qd5+ 30. Kg1 Qg2# 0-1

[Event "CYCC U12"]
[Site "Hamilton CAN"]
[Date "2022.07.10"]
[Round "6.1"]
[White "Wu, Nolan"]
[Black "Qian, Eric"]
[Result "1/2-1/2"]
[WhiteElo "1550"]
[BlackElo "1753"]
[PlyCount "56"]
[EventDate "2022.07.08"]
[EventType "swiss"]
[EventRounds "7"]
[EventCountry "CAN"]

1. e4 c5 2. Nf3 d6 3. Bb5+ Bd7 4. Bxd7+ Nxd7 5. O-O Ngf6 6. Re1 e6 7. c3 Be7 8.
d4 O-O 9. Nbd2 Rc8 10. Nf1 cxd4 11. cxd4 Nb6 12. b3 Qd7 13. Ng3 Rfd8 14. Bd2 h6
15. Qe2 d5 16. e5 Nh7 17. Kh1 Ba3 18. Rab1 Rc2 19. Nh5 Qe7 20. Nxg7 Rxd2 21.
Nxd2 Kxg7 22. f4 Nf8 23. Nf1 Ng6 24. Ng3 Nxf4 25. Qe3 Ng6 26. Nh5+ Kh7 27. Nf6+
Kg7 28. Nh5+ Kh7 1/2-1/2

[Event "CYCC U12"]
[Site "Hamilton CAN"]
[Date "2022.07.10"]
[Round "6.2"]
[White "Russell, Wesley"]
[Black "Guillemette, Hugo"]
[Result "1/2-1/2"]
[WhiteElo "1287"]
[BlackElo "2041"]
[PlyCount "37"]
[EventDate "2022.07.08"]
[EventType "swiss"]
[EventRounds "7"]
[EventCountry "CAN"]

1. e4 c5 2. c3 Nf6 3. e5 Nd5 4. d4 cxd4 5. Nf3 e6 6. cxd4 b6 7. Bc4 Ba6 8. Bxa6
Nxa6 9. O-O Nac7 10. Na3 Be7 11. Qe2 O-O 12. Bd2 d6 13. Rac1 Rc8 14. Nc4 Qd7
15. Rfe1 h6 16. Qd3 f6 17. exd6 Bxd6 18. Nxd6 Qxd6 19. Bxh6 1/2-1/2

[Event "CYCC U12"]
[Site "Hamilton CAN"]
[Date "2022.07.10"]
[Round "6.3"]
[White "Mok, Erwin"]
[Black "Liu, Sean"]
[Result "1-0"]
[WhiteElo "1468"]
[BlackElo "1208"]
[PlyCount "79"]
[EventDate "2022.07.08"]
[EventType "swiss"]
[EventRounds "7"]
[EventCountry "CAN"]

1. d4 d5 2. c4 e6 3. Nc3 c6 4. e4 dxe4 5. Nxe4 Be7 6. Nf3 Nf6 7. Nc3 b6 8. Bf4
Bb7 9. Be2 Nbd7 10. h3 Rc8 11. O-O O-O 12. Qd2 c5 13. d5 exd5 14. cxd5 Nh5 15.
Bh2 Bf6 16. Nb5 g6 17. Nxa7 Ra8 18. Nb5 Bg7 19. Bd6 Nhf6 20. Bxf8 Qxf8 21. Nc3
Rd8 22. Bc4 Ne8 23. Nb5 Nd6 24. Nxd6 Qxd6 25. Qc2 Nf6 26. Rad1 Nh5 27. b3 Nf4
28. Rfe1 Qf6 29. Re4 Nxh3+ 30. gxh3 Qxf3 31. Re3 Qh5 32. Qe2 Qg5+ 33. Qg4 Qf6
34. Rde1 Bc8 35. Qg3 Bf8 36. Rf3 Qd4 37. Qc7 Qh4 38. Qxf7+ Kh8 39. d6 Bxd6 40.
Re8+ 1-0

[Event "CYCC U12"]
[Site "Hamilton CAN"]
[Date "2022.07.10"]
[Round "6.4"]
[White "Duanmu, Isaac"]
[Black "Chen (167519), Chen"]
[Result "1/2-1/2"]
[WhiteElo "1265"]
[BlackElo "1375"]
[PlyCount "126"]
[EventDate "2022.07.08"]
[EventType "swiss"]
[EventRounds "7"]
[EventCountry "CAN"]

1. d4 e5 2. dxe5 Nc6 3. Nf3 Qe7 4. Nc3 Nxe5 5. Nxe5 Qxe5 6. a3 Bc5 7. Qd5 Qxd5
8. Nxd5 Bb6 9. Bg5 f6 10. Bf4 d6 11. e4 Be6 12. Nxb6 axb6 13. Bb5+ Bd7 14.
Bxd7+ Kxd7 15. O-O-O Rd8 16. e5 fxe5 17. Bxe5 Nf6 18. Rhe1 Rhe8 19. h3 Kc8 20.
Bxf6 gxf6 21. Kd2 Re5 22. Rxe5 dxe5+ 23. Ke2 Rxd1 24. Kxd1 Kd7 25. Ke2 Ke6 26.
Kf3 Kf5 27. g4+ Kg5 28. Kg3 h5 29. f3 h4+ 30. Kf2 Kf4 31. a4 c6 32. b4 c5 33.
bxc5 bxc5 34. a5 e4 35. fxe4 Kxe4 36. Ke2 Kf4 37. Kf2 c4 38. c3 f5 39. gxf5
Kxf5 40. Kf3 Ke5 41. Ke3 Kf5 42. Kf3 Ke5 43. Kg4 Ke4 44. Kxh4 Kd3 45. Kg4 Kxc3
46. h4 Kd3 47. h5 c3 48. h6 c2 49. h7 c1=Q 50. h8=Q Qg1+ 51. Kf5 Qc5+ 52. Ke6
Qe3+ 53. Kd7 Qf3 54. Qh7+ Kd4 55. Qh4+ Ke5 56. Qe7+ Kd4 57. Qb4+ Ke5 58. Qc5+
Ke4 59. Qc7 Qf5+ 60. Ke7 Qg5+ 61. Kd7 Qf5+ 62. Kd8 Qf8+ 63. Kd7 Qf5+ 1/2-1/2

[Event "CYCC U12"]
[Site "Hamilton CAN"]
[Date "2022.07.10"]
[Round "6.5"]
[White "Zhu, Charis"]
[Black "Zhong, Ryan Yunhui"]
[Result "1-0"]
[WhiteElo "1640"]
[BlackElo "1480"]
[PlyCount "159"]
[EventDate "2022.07.08"]
[EventType "swiss"]
[EventRounds "7"]
[EventCountry "CAN"]

1. d4 d5 2. Bf4 Nf6 3. Nf3 e6 4. e3 c5 5. c3 Nc6 6. Bd3 Be7 7. Nbd2 a6 8. a4 b6
9. Ne5 Nxe5 10. dxe5 Nd7 11. e4 Bb7 12. exd5 exd5 13. Qg4 g5 14. e6 Nf6 15.
exf7+ Kxf7 16. Qxg5 Rg8 17. Qh6 Bf8 18. Qh3 Qe7+ 19. Kf1 Bc8 20. Qe3 Qxe3 21.
Bxe3 Bb7 22. f3 Bd6 23. Kf2 Kg7 24. Nf1 Rgf8 25. Ng3 Ne4+ 26. Bxe4 dxe4 27. f4
Kh8 28. Ne2 Bc8 29. h3 Be6 30. g4 Bc4 31. f5 h5 32. Bf4 Rfd8 33. Rhd1 Be7 34.
g5 Rf8 35. f6 Bxf6 36. gxf6 Rxf6 37. Ke3 Kh7 38. Rd7+ Kg8 39. Rg1+ Kf8 40. Rh7
Ke8 41. b3 Bxb3 42. Rgg7 Kf8 43. Rg5 Re8 44. Rgxh5 Bf7 45. Rh8+ Ke7 46. Bg5
Bxh5 47. Rxh5 Kf7 48. Bxf6 Kxf6 49. Rh6+ Kg5 50. Rxb6 a5 51. Rb5 Kh4 52. Nf4
Rg8 53. Rxc5 Kg3 54. Rh5 Rc8 55. Rg5+ Kh2 56. Rg2+ Kh1 57. Kd4 Rc7 58. c4 e3
59. Re2 Rf7 60. Nd5 Rh7 61. Rxe3 Rh4+ 62. Re4 Rxh3 63. Kc5 Rb3 64. Re2 Kg1 65.
Kd6 Kf1 66. Ra2 Ke1 67. c5 Rh3 68. c6 Rh6+ 69. Kc5 Rh8 70. c7 Kd1 71. Rb2 Kc1
72. Rb8 Rh2 73. c8=Q Rc2+ 74. Kd6 Rxc8 75. Rxc8+ Kb2 76. Rc3 Ka2 77. Kc5 Kb1
78. Kc4 Ka1 79. Kb3 Kb1 80. Rc4 1-0

[Event "CYCC U12"]
[Site "Hamilton CAN"]
[Date "2022.07.10"]
[Round "6.6"]
[White "Ming, Jerry"]
[Black "Yao, Henry"]
[Result "1-0"]
[WhiteElo "1716"]
[BlackElo "1666"]
[PlyCount "39"]
[EventDate "2022.07.08"]
[EventType "swiss"]
[EventRounds "7"]
[EventCountry "CAN"]

1. e4 e5 2. Nf3 Nc6 3. Bc4 Bc5 4. c3 Nf6 5. d3 d6 6. Nbd2 O-O 7. O-O Be6 8. Bb5
Ne7 9. Ba4 Ng6 10. h3 Qc8 11. Re1 Bb6 12. Nf1 c6 13. Ng3 Bxh3 14. gxh3 Qxh3 15.
Be3 Nf4 16. Bxf4 exf4 17. Nf5 g6 18. Ng5 Bxf2+ 19. Kxf2 Ng4+ 20. Qxg4 1-0

[Event "CYCC U12"]
[Site "Hamilton CAN"]
[Date "2022.07.10"]
[Round "6.7"]
[White "Wu, Jonathan"]
[Black "Li, Anthony"]
[Result "1-0"]
[WhiteElo "1891"]
[BlackElo "1163"]
[PlyCount "71"]
[EventDate "2022.07.08"]
[EventType "swiss"]
[EventRounds "7"]
[EventCountry "CAN"]

1. e4 c5 2. Nc3 d6 3. d4 cxd4 4. Qxd4 Nc6 5. Qd2 Nf6 6. b3 g6 7. Bb2 Bg7 8. f3
Bd7 9. Nge2 Rc8 10. g4 Ne5 11. Nd4 Qb6 12. O-O-O O-O 13. h4 a5 14. a4 Rc5 15.
h5 Rfc8 16. hxg6 fxg6 17. g5 Nh5 18. Nd5 Qd8 19. f4 Nc6 20. Bc4 Kh8 21. f5 Ne5
22. f6 exf6 23. gxf6 Nxf6 24. Nxf6 Bxf6 25. Rdg1 Bg4 26. Kb1 Qe7 27. Qf4 Bg7
28. Rxg4 Nxg4 29. Qxg4 Qf6 30. Rf1 Qe5 31. Rf7 Qh5 32. Qd7 Qd1+ 33. Ka2 R5c7
34. Nf5 Qxc2 35. Rxg7 Rxd7 36. Rxg6+ 1-0

[Event "CYCC U12"]
[Site "Hamilton CAN"]
[Date "2022.07.10"]
[Round "6.8"]
[White "Huang, Eric"]
[Black "Moses, Neil"]
[Result "1/2-1/2"]
[WhiteElo "1155"]
[BlackElo "1578"]
[PlyCount "50"]
[EventDate "2022.07.08"]
[EventType "swiss"]
[EventRounds "7"]
[EventCountry "CAN"]

1. e4 e5 2. Nf3 Nc6 3. Bb5 Nf6 4. O-O Be7 5. Re1 d6 6. h3 O-O 7. c3 a6 8. Ba4
b5 9. Bc2 Bb7 10. d4 exd4 11. cxd4 Nb4 12. a3 Nxc2 13. Qxc2 Re8 14. Nc3 d5 15.
e5 Ne4 16. Nd2 Nxd2 17. Bxd2 c5 18. Be3 Qc7 19. dxc5 Rad8 20. Bd4 Bxc5 21. Nxb5
axb5 22. Qxc5 Qd7 23. Rac1 Rc8 24. Qd6 Qe6 25. Qxe6 fxe6 1/2-1/2

[Event "CYCC U12"]
[Site "Hamilton CAN"]
[Date "2022.07.10"]
[Round "6.9"]
[White "Sundara Rajan, Inbhavenkat"]
[Black "Leung, Joseph"]
[Result "0-1"]
[WhiteElo "1517"]
[BlackElo "1109"]
[PlyCount "118"]
[EventDate "2022.07.08"]
[EventType "swiss"]
[EventRounds "7"]
[EventCountry "CAN"]

1. e4 e5 2. Nf3 Nc6 3. Bb5 Nf6 4. O-O d6 5. Re1 Be7 6. h3 O-O 7. c3 Nd7 8. d4
f6 9. Nbd2 Nb6 10. Nf1 exd4 11. cxd4 f5 12. exf5 Bxf5 13. Ng3 Bg6 14. b3 Bf6
15. Bb2 Ne7 16. Qd2 c6 17. Bd3 d5 18. Ne5 Bxd3 19. Nxd3 Ng6 20. Nc5 Qc8 21. a4
Nd7 22. Ne6 Re8 23. Nf5 Rxe6 24. Rxe6 Ndf8 25. Rxf6 gxf6 26. g4 Qd7 27. Re1 Re8
28. Bc1 Rxe1+ 29. Qxe1 Ne6 30. Qe3 Ng5 31. h4 Nxh4 32. Nxh4 Qxg4+ 33. Qg3 Qd1+
34. Kh2 Qxc1 35. f4 Qd2+ 36. Ng2 Qxd4 37. fxg5 Qe5 38. gxf6+ Qxg3+ 39. Kxg3 Kf7
40. Kf4 Kxf6 41. Ne3 Ke6 42. Nf5 a5 43. Nd4+ Kd6 44. Ke3 Kc5 45. Kd3 Kb4 46.
Kc2 h5 47. Ne6 h4 48. Nf4 d4 49. Kb2 Kc5 50. Kc2 b5 51. axb5 cxb5 52. Nd3+ Kd5
53. Nf2 a4 54. Kb2 Ke5 55. bxa4 bxa4 56. Ka3 Kf4 57. Kxa4 Kf3 58. Nh3 Kg3 59.
Ng1 d3 0-1

[Event "CYCC U12"]
[Site "Hamilton CAN"]
[Date "2022.07.10"]
[Round "6.10"]
[White "Xu, Leon"]
[Black "Sun, Lucas"]
[Result "1-0"]
[WhiteElo "1439"]
[BlackElo "1026"]
[PlyCount "59"]
[EventDate "2022.07.08"]
[EventType "swiss"]
[EventRounds "7"]
[EventCountry "CAN"]

1. e4 c5 2. Nf3 Nc6 3. d4 cxd4 4. Nxd4 Nf6 5. Nc3 e5 6. Ndb5 d6 7. Nd5 Nxd5 8.
exd5 Ne7 9. c4 a6 10. Qa4 axb5 11. Qxa8 bxc4 12. Bxc4 Qb6 13. O-O h6 14. Be3
Qd8 15. Bb5+ Bd7 16. Bxd7+ Kxd7 17. Qa4+ Nc6 18. Rac1 Ke7 19. dxc6 bxc6 20.
Rxc6 g5 21. Qa7+ Ke6 22. Rd1 Be7 23. Bc5 Qe8 24. Bxd6 Bxd6 25. Rdxd6+ Kf5 26.
Rf6+ Kg4 27. f3+ Kh5 28. g4+ Kh4 29. Rxh6+ Rxh6 30. Rxh6# 1-0

[Event "CYCC U12"]
[Site "Hamilton CAN"]
[Date "2022.07.10"]
[Round "6.11"]
[White "Fu, Odyssey"]
[Black "Li, Aiden"]
[Result "1-0"]
[WhiteElo "1101"]
[BlackElo "1321"]
[PlyCount "115"]
[EventDate "2022.07.08"]
[EventType "swiss"]
[EventRounds "7"]
[EventCountry "CAN"]

1. e4 c5 2. Nf3 g6 3. d4 cxd4 4. Nxd4 Bg7 5. Be2 Nc6 6. Nxc6 bxc6 7. O-O Nf6 8.
Nc3 d5 9. exd5 cxd5 10. Bb5+ Bd7 11. Bxd7+ Qxd7 12. Bg5 e6 13. Qf3 Ng8 14. Rfe1
h6 15. Bf4 Ne7 16. Be5 O-O 17. Bxg7 Kxg7 18. Rad1 Rab8 19. Ne4 Qc7 20. Qf6+ Kh7
21. Ng3 Ng8 22. Qd4 Qxc2 23. Re2 Qc7 24. Re3 Qb6 25. Qxb6 Rxb6 26. Ra3 Rb7 27.
Rc1 Rfb8 28. b3 Ne7 29. Ne2 Rc8 30. Rxc8 Nxc8 31. f3 Rc7 32. Nd4 Nd6 33. Ra6
Nc8 34. Nb5 Rb7 35. a4 Rb6 36. Ra5 Rb7 37. Ra6 Kg7 38. Rc6 Nb6 39. Nd6 Rd7 40.
a5 Na8 41. Ne8+ Kf8 42. Rc8 Ke7 43. Rxa8 Rb7 44. a6 Rxb3 45. Nc7 Rb6 46. Rxa7
Kd8 47. Kf2 Rb8 48. Na8 Kc8 49. Rxf7 Rb2+ 50. Ke3 Kb8 51. Nc7 Ka7 52. Nxe6+
Kxa6 53. Rf6 g5 54. Rxh6 Kb7 55. g4 Rb3+ 56. Kf2 Rb2+ 57. Kg3 Rb6 58. Nc5+ 1-0

[Event "CYCC U12"]
[Site "Hamilton CAN"]
[Date "2022.07.10"]
[Round "6.12"]
[White "Lu, Austin"]
[Black "Lu, Aiden"]
[Result "0-1"]
[WhiteElo "1087"]
[BlackElo "1291"]
[PlyCount "64"]
[EventDate "2022.07.08"]
[EventType "swiss"]
[EventRounds "7"]
[EventCountry "CAN"]

1. e4 e5 2. Nf3 Nc6 3. Bc4 Bc5 4. c3 Nf6 5. d3 h6 6. Nbd2 d6 7. O-O O-O 8. Re1
Be6 9. Bb5 Ne7 10. Nf1 c6 11. Ba4 Ng6 12. Ng3 Ng4 13. Re2 b5 14. Bc2 Nh4 15.
Nxh4 Qxh4 16. h3 Qxg3 17. hxg4 Qxg4 18. Re1 Qxd1 19. Rxd1 d5 20. d4 exd4 21.
cxd4 Bb6 22. Be3 Rac8 23. f4 dxe4 24. Bxe4 Bg4 25. Rdc1 Rfe8 26. Rxc6 Rxc6 27.
Bxc6 Rxe3 28. Bxb5 Bxd4 29. Kf1 Bxb2 30. Rb1 Bd4 31. Bc4 Bf5 32. Rd1 Re4 0-1

[Event "CYCC U12"]
[Site "Hamilton CAN"]
[Date "2022.07.10"]
[Round "6.13"]
[White "Dunikov, Glib"]
[Black "Velasquez, Noah"]
[Result "1-0"]
[WhiteElo "1561"]
[BlackElo "1422"]
[PlyCount "171"]
[EventDate "2022.07.08"]
[EventType "swiss"]
[EventRounds "7"]
[EventCountry "CAN"]

1. e4 Nf6 2. e5 Nd5 3. c4 Nb6 4. d4 d6 5. exd6 exd6 6. Nf3 Be7 7. Be2 O-O 8.
O-O Bf5 9. Nc3 Bf6 10. Be3 Re8 11. Qd2 c6 12. b3 N8d7 13. Rfe1 Rc8 14. Bf4 Nf8
15. Rad1 h6 16. Bd3 Bxd3 17. Rxe8 Qxe8 18. Qxd3 Qd7 19. Ne4 Be7 20. a4 g5 21.
Be3 f5 22. Nc3 f4 23. Bc1 Bf6 24. Ne4 Bg7 25. a5 Na8 26. Ba3 d5 27. Nd6 Rb8 28.
Re1 b5 29. cxd5 b4 30. Nf5 bxa3 31. dxc6 Qf7 32. Nd2 Re8 33. Ra1 Rd8 34. Rxa3
Rd5 35. Nxg7 Qxg7 36. Ra4 Nc7 37. h3 Nfe6 38. Nf3 Nb5 39. Qc4 Nbc7 40. Kf1 Qg6
41. Ra1 h5 42. g4 fxg3 43. fxg3 Qe4 44. Qe2 Qxe2+ 45. Kxe2 Nxd4+ 46. Nxd4 Rxd4
47. Rd1 Rxd1 48. Kxd1 Kf7 49. Kd2 Ke6 50. Kd3 Kd5 51. h4 gxh4 52. gxh4 Kxc6 53.
Ke4 Kb5 54. a6 Nxa6 55. Kf5 Nc5 56. Kg6 Kc6 57. Kxh5 Kd6 58. Kg6 Ke6 59. h5 Ke7
60. h6 Ne6 61. Kf5 Kf7 62. h7 Kg7 63. h8=Q+ Kxh8 64. Kxe6 Kg7 65. b4 Kf8 66.
Kd7 a6 67. Kc6 Ke7 68. Kc7 Ke8 69. Kb6 Kd7 70. Kxa6 Kc7 71. b5 Kc8 72. Ka7 Kc7
73. b6+ Kc6 74. b7 Kc5 75. b8=Q Kc4 76. Qd6 Kb5 77. Qc7 Kb4 78. Qc6 Kb3 79. Qc5
Kb2 80. Qc4 Ka1 81. Qb4 Ka2 82. Kb6 Ka1 83. Kc5 Ka2 84. Kc4 Ka1 85. Kc3 Ka2 86.
Qb2# 1-0

[Event "CYCC U12"]
[Site "Hamilton CAN"]
[Date "2022.07.10"]
[Round "6.14"]
[White "Tseng, Bradley"]
[Black "Lau, Jayden"]
[Result "1-0"]
[WhiteElo "1343"]
[BlackElo "745"]
[PlyCount "99"]
[EventDate "2022.07.08"]
[EventType "swiss"]
[EventRounds "7"]
[EventCountry "CAN"]

1. e4 e6 2. d4 d5 3. Nc3 Nf6 4. e5 Nfd7 5. f4 c5 6. Nf3 Nc6 7. Be3 Qb6 8. Na4
Qa5+ 9. c3 cxd4 10. b4 Qc7 11. Nxd4 a6 12. Rc1 b5 13. Nb2 Nb6 14. Bd3 Bd7 15.
O-O Be7 16. Qe2 f5 17. exf6 Bxf6 18. Qh5+ Kd8 19. Qf7 Qd6 20. Nxe6+ Qxe6 21.
Bxb6+ Kc8 22. Qxe6 Bxe6 23. a4 Rb8 24. Bc5 Kd7 25. f5 Bf7 26. Rfd1 Ne5 27. Be2
Kc6 28. Nd3 Rhe8 29. Bd4 Nc4 30. Bxf6 Rxe2 31. axb5+ axb5 32. Bxg7 Rg8 33. f6
Bg6 34. Nf4 Rb2 35. Nxg6 Ra8 36. f7 Raa2 37. Nf4 Ra8 38. f8=Q Rxf8 39. Bxf8 Ne3
40. Re1 Nc4 41. Re6+ Kd7 42. Re7+ Kd8 43. Ne6+ Kc8 44. Rc7+ Kb8 45. Rxh7 Ne3
46. Rg7 Nf5 47. Rf7 Ne3 48. Bd6+ Ka8 49. Ra1+ Ra2 50. Rxa2# 1-0

[Event "CYCC U12"]
[Site "Hamilton CAN"]
[Date "2022.07.10"]
[Round "6.15"]
[White "Pillal, Karma"]
[Black "Wang, Dennis"]
[Result "0-1"]
[WhiteElo "1208"]
[BlackElo "1100"]
[PlyCount "94"]
[EventDate "2022.07.08"]
[EventType "swiss"]
[EventRounds "7"]
[EventCountry "CAN"]

1. d4 d5 2. e3 Nf6 3. Bd3 g6 4. c3 Bg7 5. Nd2 O-O 6. f4 Bg4 7. Ngf3 Nbd7 8. h3
Bxf3 9. Nxf3 c5 10. O-O Rc8 11. b3 cxd4 12. cxd4 e6 13. Bb2 Qb6 14. Qd2 Rc6 15.
Rac1 Rfc8 16. Rc3 Rxc3 17. Bxc3 Nb8 18. Ba5 Qd6 19. Rc1 Rc6 20. Ne5 Rxc1+ 21.
Qxc1 Nc6 22. Nxc6 Qxc6 23. Qxc6 bxc6 24. Ba6 Ne4 25. b4 Nc3 26. a3 Nd1 27. Bb7
Nxe3 28. Bxc6 Bxd4 29. Kh2 Nc4 30. a4 Nxa5 31. bxa5 Kf8 32. Kg3 Ke7 33. Kf3 f6
34. g4 g5 35. f5 Kd6 36. Bb5 e5 37. Bf1 Kc5 38. a6 e4+ 39. Kg3 Be5+ 40. Kf2 d4
41. Ke2 Bf4 42. Kd1 d3 43. Bg2 e3 44. Be4 e2+ 45. Ke1 Kd4 46. Bf3 Ke3 47. Bxe2
dxe2 0-1

[Event "CYCC U12"]
[Site "Hamilton CAN"]
[Date "2022.07.10"]
[Round "6.16"]
[White "Wang, Edward"]
[Black "Chen, Timmy"]
[Result "0-1"]
[WhiteElo "743"]
[BlackElo "1073"]
[PlyCount "124"]
[EventDate "2022.07.08"]
[EventType "swiss"]
[EventRounds "7"]
[EventCountry "CAN"]

1. e4 e5 2. Nf3 Nc6 3. Bc4 Bc5 4. Nc3 d6 5. h3 Nf6 6. d3 Be6 7. Bxe6 fxe6 8.
Bg5 h6 9. Bh4 Qe7 10. Na4 Bb6 11. Nxb6 axb6 12. O-O g5 13. Bg3 O-O-O 14. c3
Rdg8 15. Nd2 h5 16. f3 Qg7 17. Qe2 h4 18. Bf2 Nh5 19. Qe3 Nf4 20. d4 exd4 21.
cxd4 Nxd4 22. Nb3 Nc2 23. Qd2 Nxa1 24. Rxa1 Rd8 25. Qc2 Kb8 26. Nd4 d5 27. exd5
Rxd5 28. Nb3 Rhd8 29. Kh2 Qe5 30. Kh1 Qd6 31. Re1 Rd1 32. Kg1 Rxe1+ 33. Bxe1
Qd1 34. Qxd1 Rxd1 35. Kf1 Rb1 36. Nd2 Rxb2 37. Ne4 Rxg2 38. a4 Ra2 39. Nxg5 Ra1
40. Ne4 Nd3 41. Ke2 Nxe1 42. Ng5 e5 43. Nf7 Nxf3 44. Nh6 Ng1+ 45. Ke3 Nxh3 46.
Nf5 Rxa4 47. Kd3 Nf4+ 48. Ke3 h3 49. Kf2 b5 50. Kg1 b4 51. Ne3 b3 52. Nf1 Ra1
53. Kf2 Rxf1+ 54. Kxf1 b2 55. Kf2 b1=Q 56. Ke3 Qf1 57. Ke4 Qd3+ 58. Kxe5 h2 59.
Kf6 h1=Q 60. Ke7 Qhh7+ 61. Ke8 Qdd7+ 62. Kf8 Qd8# 0-1

[Event "CYCC U12"]
[Site "Hamilton CAN"]
[Date "2022.07.10"]
[Round "6.17"]
[White "Ahlawat, Jaiho"]
[Black "Gummadi, Bhargav Ram"]
[Result "0-1"]
[WhiteElo "1601"]
[BlackElo "1168"]
[PlyCount "112"]
[EventDate "2022.07.08"]
[EventType "swiss"]
[EventRounds "7"]
[EventCountry "CAN"]

1. e4 e5 2. Nf3 Nc6 3. Bc4 Nf6 4. Nc3 Be7 5. O-O O-O 6. d3 d6 7. h3 Na5 8. Bb3
Nxb3 9. axb3 Be6 10. Be3 a6 11. Ne2 c6 12. Ng3 Qc7 13. d4 exd4 14. Bxd4 Rad8
15. Re1 h6 16. Qe2 d5 17. e5 Nd7 18. c4 Rfe8 19. Rad1 Nf8 20. Qe3 c5 21. Bc3 d4
22. Bxd4 cxd4 23. Nxd4 Bc5 24. Nh5 Bxd4 25. Rxd4 Rxd4 26. Qxd4 Ng6 27. f4 Rd8
28. Qf2 Ne7 29. g4 Nc6 30. f5 Bd7 31. e6 Be8 32. f6 g6 33. Ng7 Qb8 34. Nxe8
Rxe8 35. Qh4 Rxe6 36. Rxe6 fxe6 37. Qxh6 Qg3+ 38. Kh1 Qf3+ 39. Kg1 Qxf6 40. g5
Qg7 41. Qh4 Qd4+ 42. Qxd4 Nxd4 43. Kf2 Nxb3 44. Ke3 Kf7 45. Kf4 Nd2 46. Kg4
Nxc4 47. b3 Nd2 48. b4 b6 49. h4 a5 50. bxa5 bxa5 51. h5 gxh5+ 52. Kxh5 Kg7 53.
g6 a4 54. Kg5 a3 55. Kh5 a2 56. Kg4 a1=Q 0-1

[Event "CYCC U12"]
[Site "Hamilton CAN"]
[Date "2022.07.10"]
[Round "6.18"]
[White "Gao, Justin"]
[Black "Li, Andrew"]
[Result "1/2-1/2"]
[WhiteElo "1587"]
[BlackElo "841"]
[PlyCount "113"]
[EventDate "2022.07.08"]
[EventType "swiss"]
[EventRounds "7"]
[EventCountry "CAN"]

1. e4 e5 2. Nf3 Nc6 3. Bc4 Nf6 4. d3 Bc5 5. Nc3 d6 6. h3 Be6 7. Nd5 h6 8. Be3
Bb6 9. Qd2 Na5 10. Nxb6 axb6 11. Bb3 Nxb3 12. cxb3 Bxb3 13. a3 Qd7 14. O-O Be6
15. Rac1 O-O 16. Nh2 Nh7 17. f4 f5 18. fxe5 dxe5 19. Qc3 fxe4 20. Rxf8+ Rxf8
21. Qxe5 c6 22. Qxe4 Bf5 23. Qc4+ Kh8 24. d4 Qe7 25. Qc3 Ng5 26. Bxg5 Qxg5 27.
Rf1 Re8 28. Nf3 Qe3+ 29. Qxe3 Rxe3 30. Re1 Rxe1+ 31. Nxe1 Kg8 32. Nf3 Kf7 33.
Kf2 Ke6 34. Ke3 g5 35. h4 Kf6 36. hxg5+ hxg5 37. Ne5 Ke6 38. Nc4 b5 39. Na5 Kd5
40. Nxb7 Be4 41. g3 g4 42. Na5 Bc2 43. Kd2 Bb1 44. Kc3 Ba2 45. Kd3 Bb1+ 46. Ke3
Bc2 47. Kf4 Bd1 48. b3 Kxd4 49. Nxc6+ Kc5 50. Na5 Kd4 51. Nc6+ Kc5 52. Ne5 Bxb3
53. Kxg4 Kd4 54. Nc6+ Kc3 55. Na7 Bc4 56. Nxb5+ Bxb5 57. Kf5 1/2-1/2

[Event "CYCC U12"]
[Site "Hamilton CAN"]
[Date "2022.07.10"]
[Round "6.19"]
[White "Zhou, Felix"]
[Black "Chen, Vincent"]
[Result "1-0"]
[WhiteElo "1293"]
[BlackElo "1445"]
[PlyCount "47"]
[EventDate "2022.07.08"]
[EventType "swiss"]
[EventRounds "7"]
[EventCountry "CAN"]

1. d4 Nf6 2. c4 c5 3. e3 cxd4 4. exd4 d5 5. Nf3 g6 6. Nc3 Bg7 7. Bf4 Bg4 8. Be2
Nc6 9. h3 Bf5 10. O-O Qd7 11. Re1 O-O 12. Qd2 Ne4 13. Qc1 e6 14. Bd3 Nxd4 15.
Nxd4 Nxf2 16. Bxf5 Bxd4 17. Be3 Bxe3 18. Qxe3 exf5 19. Qxf2 dxc4 20. Rad1 Qc7
21. Nd5 Qa5 22. Qd4 f6 23. Nxf6+ Kf7 24. Qd7+ 1-0